Ensayo de materiales y control de defectos en la industria del metal

Tallennettuna:
Bibliografiset tiedot
Päätekijä: Stüdemann, Hans (Tekijä)
Aineistotyyppi: Kirja
Kieli:espanja
Julkaistu: Bilbao Urmo 1968
Sarja:Manuales del Ingeniero Técnico, 3
Aiheet:
Tagit: Lisää tagi
Ei tageja, Lisää ensimmäinen tagi!

MARC

LEADER 00000nam a2200000 a 4500
001 UCU3985
003 CL-VaPUC
008 960517e19680000SP |||||||||||||||||spa|d
082 0 4 |a 620.112  |b STU  |2 21 
100 0 |a Stüdemann, Hans  |e author  |9 361278 
245 1 0 |a Ensayo de materiales y control de defectos en la industria del metal 
300 |a 324 p 
942 |c BK 
945 |d 19960517 00:00:00  |a cmena 
260 |a Bilbao  |b Urmo  |c 1968 
650 0 |a Control de calidad   |9 259714 
650 7 |a TECNOLOGIA METALURGICA  |2 CL-VaPUC  |9 342977 
650 7 |a ENSAYOS DESTRUCTIVOS  |2 CL-VaPUC  |9 361279 
650 7 |a ENSAYOS NO DESTRUCTIVOS  |2 CL-VaPUC  |9 361280 
650 7 |a ENSAYOS ESTATICOS  |2 CL-VaPUC  |9 361281 
650 7 |a ENSAYOS DINAMICOS  |2 CL-VaPUC  |9 361282 
650 0 |a Muestreo  |9 270457 
650 0 |a Evaluación  |9 271902 
650 7 |a ENSAYOS DE LABORATORIO  |2 CL-VaPUC  |9 262663 
650 0 |a Metales   |9 260686 
583 |a last modification  |c 20140623 04:17:35  |k Rodrigo Vera 
490 0 |a Manuales del Ingeniero Técnico, 3 
999 |c 247823  |d 247821 
952 |0 0  |1 0  |4 0  |6 620_112000000000000_STU_1968  |7 0  |8 A  |9 264005  |a BIBING  |b BIBING  |d 2019-11-19  |i 1660640  |o 620.112 STU 1968  |p 1660640  |r 2025-01-20  |w 2019-11-19  |y BK  |k CCL